Průvodce Drážďanskou galerií - sbírkou starých mistrů

Bibliographic Details
Format: Book
Language:Czech
PhysicalDescription:59 s. 8°
Published: Drážďany Státní umělecké sbírky [1968]
Edition:4. české vyd.
Subjects:

MARC

LEADER 00000nam a2200000 a 4500
001 vtls001312303
003 SK-MaSNL
005 20260301235327.0
008 210928s1968 DE 0 cze
035 |a SNK000264700 
040 |a SNK  |b slo  |c SNK  |e AACR2 
041 0 |a cze 
044 |a DE 
080 |a 659.132.21  |2 1981 
245 1 |a Průvodce Drážďanskou galerií - sbírkou starých mistrů  |c zprac. kol. 
250 |a 4. české vyd. 
260 |a Drážďany  |b Státní umělecké sbírky  |c [1968] 
300 |a 59 s.  |c 8° 
650 0 7 |a materiály informačné  |2 SNK  |9 283411 
958 |a RK 
958 |a OND 
999 |c 974540  |d 976470 
952 |t P60, <04>, [BOOK], {604}  |a SNK  |b SNK  |y VYP  |7 0  |o snkOID 3497  |i snkD 1575/91  |0 0  |1 0  |4 0  |d 1997-11-27  |l 0  |r 2005-01-02 00:00:00  |w 2026-02-24